000 00996nmc a2200349 a 4500
003 AR-BaBNM
005 20251128211829.0
008 036120s2004 ||||||||||||||000 | spa||
020 _a987-1105-86-X
040 _cAR-BaBNM
245 1 0 _aIdeas en el siglo
_bintelectuales y cultura en el siglo XX latinoamericano
250 _a1ª ed.
260 _aBuenos Aires
_bSiglo XXI Editores
_c2004
300 0 _a422 p.
490 0 _aSociología y política
504 _aContiene referencias bibliográficas
650 4 _aIDEOLOGIAS
650 4 _aINTELECTUALES
650 4 _aIDENTIDAD CULTURAL
650 4 _aSOCIOLOGIA CULTURAL
650 4 _aSOCIOLOGIA POLITICA
650 4 _aSIGLO VEINTE
651 4 _aAmérica Latina
700 1 _aTerán, Oscar
_ecoordinador
700 1 _aCaetano, Gerardo
700 1 _aCorrea Sutil, Sofía
700 1 _aGarcé, Adolfo
700 1 _aRolim Capelato, María Helena
700 1 _aNeves, Margarida de Souza
942 _cBK
998 _cNancy
999 _c21298
_d21298